Heathrow Airport Destinations (London, UK) - Map - Statistics

General Stats
  • This quiz has been taken 158 times
  • The average score is 179 of 229
Answers on the Map
Answers color-coded by a green-red scale on the quiz's map according to % correct below.
 
Answer Stats
Destination % Correct
Lisbon
99%
New York (JFK)
98%
Barcelona
97%
Edinburgh
97%
Madrid
97%
Perth
97%
Rio de Janeiro (Galeão)
97%
Beijing (Capital)
96%
Beijing (Daxing)
96%
Belfast (City)
96%
Cairo
96%
Isle of Man
96%
Istanbul
96%
Miami
96%
Seoul (Incheon)
96%
Sydney
96%
Tokyo (Haneda)
96%
Toronto (Pearson)
96%
Cape Town
95%
Dubai (International)
95%
Glasgow
95%
Johannesburg (O.R. Tambo)
95%
Las Vegas
95%
Los Angeles
95%
Manchester
95%
Mexico City
95%
Seattle/Tacoma
95%
Vancouver
95%
Buenos Aires (Ezeiza)
94%
Oslo
94%
San Francisco
94%
Shanghai (Pudong)
94%
Washington (Dulles)
94%
Abu Dhabi
93%
Berlin
93%
Copenhagen
93%
Dublin
93%
Reykjavík
93%
Rome (Fiumicino)
93%
Santiago de Chile
93%
Santiago de Compostela
93%
Amsterdam
92%
Athens
92%
Boston
92%
Chicago (O'Hare)
92%
Delhi
92%
Helsinki
92%
Houston (Intercontinental)
92%
Kuwait City
92%
Montréal (Trudeau)
92%
Mumbai
92%
Paris (Charles de Gaulle)
92%
Paris (Orly)
92%
Singapore
92%
Stockholm (Arlanda)
92%
Bangkok (Suvarnabhumi)
91%
Bogotá
91%
Casablanca
91%
Dallas/Fort Worth
91%
Milan (Linate)
91%
Milan (Malpensa)
91%
São Paulo (Guarulhos)
91%
Warsaw (Chopin)
91%
Atlanta
90%
Brussels
90%
Bucharest (Otopeni)
90%
Budapest
90%
Doha
90%
Frankfurt
90%
Geneva
90%
Hamburg
90%
Hanoi
90%
Lagos
90%
Luxembourg
90%
Nairobi (Jomo Kenyatta)
90%
Orlando
90%
Riyadh
90%
Sofia
90%
Tel Aviv
90%
Denver
89%
Munich
89%
Phoenix (Sky Harbor)
89%
Taipei (Taoyuan)
89%
Austin
88%
Hong Kong
88%
Naples
88%
New Orleans
88%
Nice
88%
Ottawa
88%
San Diego
88%
Zürich
88%
Ho Chi Minh City
87%
Kraków
87%
Lyon
87%
Malta
87%
Venice
87%
Addis Ababa
86%
Algiers
86%
Baku
86%
Calgary
86%
Cork
86%
Dhaka
86%
Marseille
86%
Prague
86%
Beirut
85%
Cancún
85%
Colombo (Bandaranaike)
85%
Detroit
85%
Kuala Lumpur (Internatinal)
85%
Málaga
85%
Philadelphia
85%
Salt Lake City
85%
Vienna
85%
Guangzhou
84%
Malé
84%
Riga
84%
Tampa
84%
Tunis
84%
Zagreb
84%
Belgrade
83%
Düsseldorf
83%
Islamabad
83%
Jeddah
83%
Marrakesh
83%
Minneapolis/St. Paul
83%
Newark
83%
Newcastle upon Tyne
83%
Valencia
83%
Aberdeen
82%
Abuja
82%
Amman (Queen Alia)
82%
Florence
82%
Bilbao
81%
Portland (OR)
81%
Cologne/Bonn
80%
Ibiza
80%
Muscat
80%
Tirana
80%
Wuhan
80%
Gibraltar
79%
Ljubljana
79%
Palermo
79%
Accra
78%
Basel/Mulhouse
77%
Tbilisi
77%
Toulouse
77%
Tenerife (South)
76%
Bengaluru
75%
Chennai
75%
Gothenburg
75%
Halifax
75%
Nassau
75%
Palma de Mallorca
75%
Shenzhen
75%
Stuttgart
75%
Bahrain
74%
Luxor
74%
Tashkent
74%
Thessaloniki
74%
Faro
73%
Nashville
73%
Xi'an
73%
Charlotte
72%
Innsbruck
72%
Pisa
72%
Salzburg
72%
Hyderabad
71%
İzmir
71%
Bermuda
70%
Chengdu (Tianfu)
70%
Dubrovnik
70%
Pittsburgh
70%
Raleigh/Durham
70%
Split
70%
Kigali
69%
Almaty
68%
Chongqing
68%
Baltimore
67%
Cincinnati
67%
Inverness
67%
Jersey
67%
Bologna
66%
Hanover
66%
Heraklion
66%
Santorini
66%
Ahmedabad
64%
Larnaca
64%
Tianjin
64%
Bandar Seri Begawan
63%
Barbados
63%
Mykonos
63%
Derry
62%
Rhodes
61%
Montego Bay
60%
Nuremberg
60%
Paphos
60%
Shannon
59%
Antigua
58%
Corfu
58%
Tromsø
57%
Dundee
56%
Qingdao
55%
Stavanger
55%
Billund
54%
Dammam
53%
St. Vincent (Argyle)
53%
Grenada
52%
Chania
50%
Haikou
49%
Zakynthos
48%
Bodrum
47%
Changsha
46%
Brindisi
45%
Olbia
44%
Dalaman
41%
Ponta Delgada
41%
Rimini
40%
Grand Cayman
39%
Sylhet
38%
Kalamata
37%
Kefalonia
35%
Knock
32%
Kirkwall
30%
Perugia
30%
Preveza/Lefkada
30%
Providenciales
28%
Sumburgh
20%
Sälen (Trysil)
12%
Figari
11%
No matching quizzes found
Score Distribution
Percent of People with Each Score
Percentile by Number Answered
Your Score History
You have not taken this quiz